Market Entry Strategy and Export Destination in the Spanish Wine Industry

Tento článok analyzuje stratégiu vstupu na trh španielskych vinárstiev a ich cieľových trhov. Na tento účel sa analyzovalo prispôsobenie kanálov. Novým aspektom tohto výskumu je využitie exportov na úrovni vinárstva, pričom vysvetlenie ich exportnej výkonnosti je založené na kombinácii interných roz...

ver descrição completa

Na minha lista:
Detalhes bibliográficos
Autor principal: Serrano, Raul
Outros Autores: Ferrer, Juan Ramón, Abella, Silvia, Pinilla, Vicente
Formato: Capítulo de Livro
Idioma:inglês
Assuntos:
Tags: Adicionar Tag
Sem tags, seja o primeiro a adicionar uma tag!

MARC

LEADER 00000naa a2200000 4500
001 0307912
005 20250331110631.1
041 0 |a eng 
044 |a CZ 
245 1 0 |a Market Entry Strategy and Export Destination in the Spanish Wine Industry  |c Raul Serrano, Juan Ramón Ferrer, Silvia Abella, Vicente Pinilla 
520 |a Tento článok analyzuje stratégiu vstupu na trh španielskych vinárstiev a ich cieľových trhov. Na tento účel sa analyzovalo prispôsobenie kanálov. Novým aspektom tohto výskumu je využitie exportov na úrovni vinárstva, pričom vysvetlenie ich exportnej výkonnosti je založené na kombinácii interných rozhodnutí spoločností a charakteristík cieľových trhov vína v súlade s nákupnými zvyklosťami ich spotrebiteľov. Výsledky odhalili dôležitosť strategického prispôsobenia medzi vinárstvom a trhovou destináciou, aj keď dôležitosť prispôsobenia závisí od úrovne exportu. Úprava kanálov je teda dôležitá pre pravdepodobnosť exportu a intenzitu exportu. 
610 2 0 |a vinohradníctvo 
610 2 0 |a víno 
610 2 0 |a vývoz 
610 2 0 |a trhy 
610 2 0 |a stratégia marketingová 
610 2 0 |a Španielsko 
100 1 |a Serrano, Raul 
700 1 |a Ferrer, Juan Ramón 
700 1 |a Abella, Silvia 
700 1 |a Pinilla, Vicente